Contribution of buddhism to world civilization and culture / (Record no. 124773)
[ view plain ]
| 000 -LEADER | |
|---|---|
| fixed length control field | 00682nam a22002297a 4500 |
| 005 - DATE AND TIME OF LATEST TRANSACTION | |
| control field | 20170124105944.0 |
| 010 ## - LIBRARY OF CONGRESS CONTROL NUMBER | |
| LC control number | A-143238 |
| 020 ## - INTERNATIONAL STANDARD BOOK NUMBER | |
| Terms of availability | 00.00 |
| 035 ## - SYSTEM CONTROL NUMBER | |
| System control number | A-143238 |
| 037 ## - SOURCE OF ACQUISITION | |
| Source of stock number/acquisition | Cen Lib/Ret |
| 040 ## - CATALOGING SOURCE | |
| Original cataloging agency | DPL |
| Language of cataloging | EN |
| 082 ## - DEWEY DECIMAL CLASSIFICATION NUMBER | |
| Classification number | 250 |
| Item number | CON |
| 245 ## - TITLE STATEMENT | |
| Title | Contribution of buddhism to world civilization and culture / |
| Statement of responsibility, etc | edited by P.N.Chopra |
| 260 ## - PUBLICATION, DISTRIBUTION, ETC. (IMPRINT) | |
| Place of publication, distribution, etc | New Delhi |
| Name of publisher, distributor, etc | S.Chand & company |
| Date of publication, distribution, etc | 1983 |
| 270 ## - ADDRESS | |
| Address | Ram nagar |
| City | New Delhi |
| Postal code | 110055 |
| 300 ## - PHYSICAL DESCRIPTION | |
| Extent | x,380p. |
| Dimensions | 20cm(Hb) |
| 500 ## - GENERAL NOTE | |
| General note | includes bibliographical reference |
| 650 ## - SUBJECT ADDED ENTRY--TOPICAL TERM | |
| Topical term or geographic name as entry element | Buddhism |
| 9 (RLIN) | 1068 |
| 650 ## - SUBJECT ADDED ENTRY--TOPICAL TERM | |
| Topical term or geographic name as entry element | Buddhist civilization |
| 9 (RLIN) | 11890 |
| 700 ## - ADDED ENTRY--PERSONAL NAME | |
| Personal name | Chopra,P.N. |
| 9 (RLIN) | 8566 |
| 942 ## - ADDED ENTRY ELEMENTS (KOHA) | |
| Source of classification or shelving scheme | Dewey Decimal Classification |
| Koha item type | English Books |
| Classification part | 250 |
| Call number suffix | CON |
| Withdrawn status | Lost status | Damaged status | Not for loan | Home library | Current library | Date acquired | Source of acquisition | Cost, normal purchase price | Total Checkouts | Full call number | Barcode | Date last seen | Date checked out | Copy number | Cost, replacement price | Price effective from | Koha item type |
|---|---|---|---|---|---|---|---|---|---|---|---|---|---|---|---|---|---|
| Central Library | Central Library | 18/06/2015 | Cen Lib/Ret | 0.00 | 1 | 250 CON | A-143238 | 18/01/2020 | 04/01/2020 | 1 | 0.00 | 18/06/2015 | English Books |
